Heathens - Twenty One Pilots Lyrics - Statistics

General Stats
  • This quiz has been taken 32 times
  • The average score is 206 of 339
Answer Stats
Lyrics % Correct
Chorus All
100%
are
100%
friends
100%
heathens,
100%
my
100%
ask
94%
for
94%
it
94%
slow
94%
take
94%
them
94%
to
94%
Wait
94%
you
94%
any
89%
don't
89%
don't
89%
half
89%
know
89%
know
89%
make
89%
moves
89%
of
89%
Please
89%
sudden
89%
the
89%
who
89%
you
89%
You
89%
abuse
83%
the
83%
abuse
78%
Chorus All
78%
any
78%
are
78%
ask
78%
don't
78%
don't
78%
for
78%
friends
78%
half
78%
heathens,
78%
it
78%
know
78%
know
78%
make
78%
moves
78%
my
78%
of
78%
Please
78%
slow
78%
sudden
78%
take
78%
the
78%
the
78%
them
78%
to
78%
Wait
78%
who
78%
you
78%
you
78%
You
78%
abuse
67%
Chorus All
67%
any
67%
are
67%
ask
67%
away
67%
don't
67%
don't
67%
for
67%
friends
67%
half
67%
have
67%
heathens,
67%
it
67%
know
67%
know
67%
make
67%
moves
67%
my
67%
of
67%
of
67%
people
67%
Please
67%
slow
67%
sudden
67%
take
67%
the
67%
the
67%
the
67%
the
67%
the
67%
them
67%
they
67%
to
67%
to
67%
Wait
67%
we
67%
Verse 1 Welcome
67%
who
67%
who
67%
you
67%
you
67%
You
67%
a
61%
abuse
61%
all
61%
Chorus All
61%
Chorus All
61%
any
61%
are
61%
are
61%
ask
61%
don't
61%
don't
61%
don't
61%
don't
61%
for
61%
friends
61%
friends
61%
half
61%
have
61%
heathens,
61%
heathens,
61%
I
61%
it
61%
it
61%
Just
61%
know
61%
know
61%
know
61%
know
61%
know
61%
make
61%
mean
61%
moves
61%
my
61%
my
61%
of
61%
of
61%
one
61%
people
61%
please
61%
Please
61%
say
61%
say
61%
slow
61%
slow
61%
sudden
61%
take
61%
take
61%
the
61%
the
61%
the
61%
the
61%
the
61%
them
61%
They
61%
They
61%
they
61%
to
61%
to
61%
to
61%
to
61%
to
61%
to
61%
Wait
61%
Verse 2 We
61%
who
61%
you
61%
you
61%
you?"
61%
you
61%
you
61%
you
61%
You
61%
your
61%
all
56%
ask
56%
away
56%
because
56%
certain
56%
day
56%
for
56%
have
56%
have
56%
have
56%
I
56%
I
56%
intentions
56%
it)
56%
it)
56%
it)
56%
it)
56%
It
56%
know
56%
loved
56%
murderer
56%
next
56%
next
56%
next
56%
next
56%
people
56%
please
56%
room
56%
sitting
56%
sitting
56%
sitting
56%
sitting
56%
smell
56%
smell
56%
That
56%
them
56%
to
56%
to
56%
to
56%
to
56%
to
56%
to
56%
very
56%
Wait
56%
well
56%
who
56%
You
56%
you
56%
you?"
56%
you
56%
you
56%
you
56%
you
56%
you
56%
you
56%
after
50%
all
50%
are
50%
ask
50%
at
50%
can
50%
check
50%
deal
50%
Doesn't
50%
don't
50%
door
50%
for
50%
forget
50%
friends
50%
from
50%
get
50%
grenades
50%
guns
50%
hand
50%
heathens,
50%
here,
50%
issues,
50%
it
50%
I've
50%
just
50%
knew
50%
know
50%
my
50%
never
50%
never
50%
never
50%
newcomers
50%
next
50%
next
50%
not
50%
of
50%
outside
50%
outsiders
50%
Please,
50%
psychopath
50%
said,
50%
sitting
50%
sitting
50%
slow
50%
stay
50%
stayed
50%
take
50%
them
50%
think,
50%
to
50%
trust
50%
Wait
50%
who
50%
with
50%
you
50%
you
50%
you
50%
Pre-Chorus You'll
50%
You'll
50%
You'll
50%
Pre-Chorus You'll
50%
You'll
50%
after
44%
And
44%
be
44%
did
44%
freakshow
44%
get
44%
here,
44%
"How
44%
I've
44%
looks
44%
mention
44%
one
44%
our
44%
said,
44%
should
44%
some
44%
think,
44%
weird
44%
You'll
44%
brains
39%
bust
39%
change
39%
come,
39%
did
39%
docked
39%
forget
39%
"How
39%
like
39%
might
39%
now
39%
ready
39%
rooms
39%
they're
39%
tried
39%
us
39%
warn
39%
Bridge (Watch
39%
(Watch
39%
(Watch
39%
(Watch
39%
Verse 3/Outro Why'd
39%
will
39%
But
33%
But
33%
No matching quizzes found
Score Distribution
Percent of People with Each Score
Percentile by Number Answered
Your Score History
You have not taken this quiz